|
|
|
|
| LEADER |
00000naa2a2200000 4500 |
| 001 |
115873 |
| 005 |
20231031122939.0 |
| 035 |
|
|
|a (RuTPU)RU\TPU\book\125348
|
| 090 |
|
|
|a 115873
|
| 100 |
|
|
|a 20070515d2006 k y0rusy50 ca
|
| 101 |
0 |
|
|a rus
|
| 102 |
|
|
|a RU
|
| 200 |
1 |
|
|a Анализ содержания подготовки инженеров-технологов по специальности "Технология художественной обработки материалов"
|f А. О. Аристова
|
| 461 |
|
1 |
|0 (RuTPU)RU\TPU\book\111998
|t Современные техника и технологии
|o 12-я международная научно-практическая конференция студентов, аспирантов и молодых ученых, г. Томск, 27 марта - 31 марта 2006 г.
|o труды в 2 т.
|f Томский политехнический университет
|d 2006
|
| 463 |
|
0 |
|0 (RuTPU)RU\TPU\book\114157
|t Т. 2
|v С. 430-431
|d 2006
|p 518 с.
|
| 610 |
1 |
|
|a инженеры-технологи
|
| 610 |
1 |
|
|a подготовка специалистов
|
| 610 |
1 |
|
|a специальности
|
| 610 |
1 |
|
|a художественная обработка материалов
|
| 610 |
1 |
|
|a труды учёных ТПУ
|
| 700 |
|
1 |
|a Аристова
|b А. О.
|
| 801 |
|
1 |
|a RU
|b 63413507
|c 20070515
|g PSBO
|
| 801 |
|
2 |
|a RU
|b 63413507
|c 20141105
|g RCR
|
| 942 |
|
|
|c BK
|